Supreme court yearly digest 2004 (Record no. 619914)

MARC details
000 -LEADER
fixed length control field 00518nam a2200181 4500
008 - FIXED-LENGTH DATA ELEMENTS--GENERAL INFORMATION
fixed length control field 260424b |||||||| |||| 00| 0 eng d
020 ## - INTERNATIONAL STANDARD BOOK NUMBER
ISBN 9788170128458
Paper back/Hardbound hbk
041 ## - LANGUAGE CODE
Language code of text/sound track or separate title eng.
082 ## - DEWEY DECIMAL CLASSIFICATION NUMBER
Classification number 348.54046 SUR
100 ## - MAIN ENTRY--AUTHOR NAME
Personal name Malik, Surendra
245 ## - TITLE STATEMENT
Title Supreme court yearly digest 2004
Statement of responsibility, etc /Surendra Malik, Sumeet Malik.
250 ## - EDITION STATEMENT
Edition statement 1st ed reprinted
260 ## - PUBLICATION, DISTRIBUTION, ETC. (IMPRINT)
Place of publication Lucknow:
Name of publisher EBC publishers,
Year of publication 2005.
300 ## - PHYSICAL DESCRIPTION
Number of Pages 4686 p.
Dimensions ;25 cm.
650 ## - SUBJECT ADDED ENTRY--TOPICAL TERM
Topical Term Laws, regulations, cases
942 ## - ADDED ENTRY ELEMENTS (KOHA)
Koha item type English Books
Holdings
Withdrawn status Lost status Damaged status Not for loan Home library Current library Shelving location Date acquired Full call number Accession Number Price effective from Koha item type
        Anna Centenary Library Anna Centenary Library 4TH FLOOR, A WING 24.04.2026 348.54046 SUR 114527 24.04.2026 English Books

Find us on the map